[Event "SB-2018-0-00549"]
[Site "LSS email"]
[Date "2018.10.19"]
[Round "?"]
[White "Bujdak, Pavel"]
[Black "Svrsek, Radomir Sr"]
[Result "1-0"]
[WhiteElo "1975"]
[BlackElo "1929"]
[PlyCount "47"]
[EventDate "2018.09.03"]
[EventType "tourn (corr)"]
[EventRounds "6"]
[EventCountry "GER"]
[SourceTitle "Corr 2022"]
[Source "ChessBase"]
[SourceDate "2021.10.24"]
[SourceVersion "1"]
[SourceVersionDate "2021.10.24"]
[SourceQuality "1"]

1. e4 e5 2. Nf3 Nc6 3. Bb5 a6 4. Ba4 Nf6 5. 0-0 Be7 6. Re1 b5 7. Bb3 d5 8. exd5 Nxd5 9. Nxe5 Nxe5 10. Rxe5 c6 11. Qf3 0-0 12. Nc3 Be6 13. Re1 Qd7 14. Nxd5 cxd5 15. a4 Bf6 16. Qg3 Rae8 17. axb5 Bf5 18. Rf1 axb5 19. d3 Be5 20. Qf3 Be6 21. h3 h6 22. Re1 Qd6 23. Kf1 Qd7 24. Rxe5 1-0

[Event "ZI-2018-0-02492"]
[Site "LSS email"]
[Date "2018.09.09"]
[Round "?"]
[White "Roldan Ortiz, Antonio Jose"]
[Black "Svrsek, Radomir Sr"]
[Result "1/2-1/2"]
[WhiteElo "1679"]
[BlackElo "1929"]
[PlyCount "64"]
[EventDate "2018.09.06"]
[EventType "match (corr)"]
[EventRounds "2"]
[EventCountry "GER"]
[SourceTitle "Corr 2022"]
[Source "ChessBase"]
[SourceDate "2021.10.24"]
[SourceVersion "1"]
[SourceVersionDate "2021.10.24"]
[SourceQuality "1"]

1. d4 Nf6 2. c4 e6 3. Nc3 d5 4. Nf3 c6 5. e3 Nbd7 6. Qc2 Bd6 7. Bd3 0-0 8. 0-0 dxc4 9. Bxc4 b5 10. Be2 Bb7 11. e4 e5 12. dxe5 Nxe5 13. Nd4 Neg4 14. g3 Bxg3 15. hxg3 Qxd4 16. Qd1 Qxd1 17. Rxd1 Rfe8 18. f3 Ne5 19. Be3 a6 20. Rd6 Rad8 21. Rad1 Rxd6 22. Rxd6 h5 23. b4 Re7 24. Rd8+ Re8 25. Rd6 Re7 26. Rd1 Nfd7 27. Kg2 f6 28. f4 Ng4 29. Bg1 g6 30. Rd6 Nh6 31. Bf3 Nf7 32. Rd1 Nf8 1/2-1/2

[Event "SB-2018-0-00540"]
[Site "LSS email"]
[Date "2018.07.24"]
[Round "?"]
[White "Svrsek, Radomir Sr"]
[Black "Ilyin, Igor"]
[Result "1/2-1/2"]
[WhiteElo "1931"]
[BlackElo "2002"]
[PlyCount "75"]
[EventDate "2018.06.22"]
[EventType "tourn (corr)"]
[EventRounds "6"]
[EventCountry "GER"]
[SourceTitle "Corr 2022"]
[Source "ChessBase"]
[SourceDate "2021.10.24"]
[SourceVersion "1"]
[SourceVersionDate "2021.10.24"]
[SourceQuality "1"]

1. e4 c5 2. Nf3 d6 3. d4 cxd4 4. Nxd4 Nf6 5. Nc3 g6 6. Be3 Bg7 7. f3 a6 8. Qd2 Nbd7 9. g4 b5 10. g5 Nh5 11. a4 bxa4 12. Rxa4 0-0 13. Be2 Nc5 14. Rc4 Bd7 15. b4 Na4 16. Nd5 e6 17. Nc7 Rc8 18. Nxa6 Rxc4 19. Bxc4 Qc8 20. Bd3 Nb2 21. b5 Nxd3+ 22. cxd3 e5 23. Ne2 d5 24. Qb4 Qc2 25. Nc5 Ra8 26. Kf2 Ra2 27. Qd2 Qxd2 28. Bxd2 Bxb5 29. Rb1 Rxd2 30. Ke1 Rxe2+ 31. Kxe2 Be8 32. Rb8 Kf8 33. Na6 Nf4+ 34. Kd2 Ke7 35. Rb7+ Kd6 36. Rb6+ Ke7 37. exd5 Nxd5 38. Rb7+ 1/2-1/2

[Event "SB-2018-0-00532"]
[Site "LSS email"]
[Date "2018.05.25"]
[Round "?"]
[White "Svrsek, Radomir Sr"]
[Black "Stancl, Vladimir"]
[Result "1/2-1/2"]
[WhiteElo "1934"]
[BlackElo "2007"]
[PlyCount "37"]
[EventDate "2018.04.05"]
[EventType "tourn (corr)"]
[EventRounds "6"]
[EventCountry "GER"]
[SourceTitle "Corr 2022"]
[Source "ChessBase"]
[SourceDate "2021.10.24"]
[SourceVersion "1"]
[SourceVersionDate "2021.10.24"]
[SourceQuality "1"]

1. e4 e6 2. d4 d5 3. Nc3 Nf6 4. e5 Nfd7 5. f4 c5 6. Nf3 Be7 7. Be3 0-0 8. dxc5 Nc6 9. Qd2 Nxc5 10. 0-0-0 Qc7 11. Kb1 Bd7 12. Qf2 Qa5 13. g4 Rfc8 14. a3 Rab8 15. f5 b5 16. Bxc5 b4 17. axb4 Nxb4 18. Bd4 exf5 19. h3 1/2-1/2

[Event "ZI-2017-0-02370"]
[Site "LSS email"]
[Date "2017.12.16"]
[Round "?"]
[White "Roldan Ortiz, Antonio Jose"]
[Black "Svrsek, Radomir Sr"]
[Result "0-1"]
[WhiteElo "1968"]
[BlackElo "1950"]
[PlyCount "112"]
[EventDate "2017.12.05"]
[EventType "match (corr)"]
[EventRounds "2"]
[EventCountry "GER"]
[SourceTitle "Corr 2022"]
[Source "ChessBase"]
[SourceDate "2021.10.24"]
[SourceVersion "1"]
[SourceVersionDate "2021.10.24"]
[SourceQuality "1"]

1. e4 e5 2. f4 exf4 3. Nf3 g5 4. h4 g4 5. Ne5 d6 6. Nxg4 Be7 7. d4 Bxh4+ 8. Nf2 Bg3 9. Qf3 Nc6 10. Bxf4 Bxf4 11. Qxf4 Nxd4 12. Qd2 Ne6 13. Nc3 Qg5 14. Qxg5 Nxg5 15. Nd5 Kd8 16. 0-0-0 f6 17. Be2 Be6 18. Nf4 Bf7 19. Nd5 c6 20. Ne3 Kc7 21. Nf5 Rd8 22. Bf3 Bg6 23. Nd4 Kb6 24. Ne2 Ne7 25. Nf4 Rhf8 26. N2h3 Bf7 27. Nxg5 fxg5 28. Ne2 Ng8 29. Ng3 Nf6 30. Nf5 g4 31. Be2 Nxe4 32. Rd4 Nf6 33. Rxd6 Rxd6 34. Nxd6 Bd5 35. Rg1 Kc7 36. Nc4 Re8 37. Bd3 b5 38. Na3 Re3 39. Nb1 b4 40. Nd2 Rg3 41. Bf1 h5 42. Kd1 h4 43. Ke2 Nh5 44. Kf2 Nf4 45. Nb3 Kb6 46. Nd4 Be4 47. Ne2 Nxe2 48. Bxe2 a5 49. Bf1 a4 50. Rh1 a3 51. bxa3 Rxa3 52. Rxh4 Rxa2 53. Rxg4 b3 54. Rxe4 bxc2 55. Re2 c5 56. g4 c4 0-1

[Event "ZI-2017-0-02370"]
[Site "LSS email"]
[Date "2017.12.16"]
[Round "?"]
[White "Svrsek, Radomir Sr"]
[Black "Roldan Ortiz, Antonio Jose"]
[Result "1-0"]
[WhiteElo "1950"]
[BlackElo "1968"]
[PlyCount "65"]
[EventDate "2017.12.05"]
[EventType "match (corr)"]
[EventRounds "2"]
[EventCountry "GER"]
[SourceTitle "Corr 2022"]
[Source "ChessBase"]
[SourceDate "2021.10.24"]
[SourceVersion "1"]
[SourceVersionDate "2021.10.24"]
[SourceQuality "1"]

1. e4 e6 2. d4 d5 3. Nc3 Bb4 4. e5 c5 5. a3 Bxc3+ 6. bxc3 Ne7 7. Nf3 Nbc6 8. a4 Qa5 9. Bd2 Bd7 10. Be2 f6 11. c4 Qc7 12. exf6 gxf6 13. dxc5 0-0-0 14. 0-0 Rhg8 15. cxd5 Nxd5 16. a5 a6 17. c3 e5 18. Qc2 Bg4 19. Rfd1 Kb8 20. Rab1 Nde7 21. Rb6 Nd5 22. Rb2 Nxa5 23. Rdb1 Rd7 24. Qa4 Qxc5 25. Ra2 Nc7 26. Nxe5 fxe5 27. Bxg4 Qd5 28. Qxd7 Qxa2 29. Rd1 Nc6 30. Be3 Qb3 31. h3 Qb5 32. Qxh7 Re8 33. Rd7 1-0

[Event "SB-2017-0-00513"]
[Site "LSS email"]
[Date "2017.10.10"]
[Round "?"]
[White "Luers, Lavas"]
[Black "Svrsek, Radomir Sr"]
[Result "1-0"]
[WhiteElo "2034"]
[BlackElo "2003"]
[PlyCount "61"]
[EventDate "2017.08.20"]
[EventType "tourn (corr)"]
[EventRounds "6"]
[EventCountry "GER"]
[SourceTitle "Corr 2022"]
[Source "ChessBase"]
[SourceDate "2021.10.24"]
[SourceVersion "1"]
[SourceVersionDate "2021.10.24"]
[SourceQuality "1"]

1. e4 e5 2. Nf3 Nc6 3. Bb5 a6 4. Ba4 Nf6 5. 0-0 Be7 6. Re1 b5 7. Bb3 0-0 8. h3 d6 9. c3 Na5 10. Bc2 c5 11. d4 Qc7 12. Nbd2 cxd4 13. cxd4 Bb7 14. d5 Rac8 15. Bd3 Nd7 16. Nf1 f5 17. exf5 Bxd5 18. Ng5 Bxg5 19. Bxg5 Bc6 20. Ne3 d5 21. Rc1 Qb7 22. b3 d4 23. Ng4 e4 24. f6 gxf6 25. Bb1 d3 26. Bh6 Rf7 27. Bd2 Rg7 28. Bxa5 Rg6 29. Bxd3 exd3 30. Qxd3 Ne5 31. Qd6 1-0

[Event "SB-2017-0-00513"]
[Site "LSS email"]
[Date "2017.10.09"]
[Round "?"]
[White "Svrsek, Radomir Sr"]
[Black "Knoeppel, Bjoern"]
[Result "1/2-1/2"]
[WhiteElo "2003"]
[BlackElo "2006"]
[PlyCount "79"]
[EventDate "2017.08.20"]
[EventType "tourn (corr)"]
[EventRounds "6"]
[EventCountry "GER"]
[SourceTitle "Corr 2022"]
[Source "ChessBase"]
[SourceDate "2021.10.24"]
[SourceVersion "1"]
[SourceVersionDate "2021.10.24"]
[SourceQuality "1"]

1. e4 e6 2. d4 d5 3. Nc3 Nf6 4. Bg5 Bb4 5. e5 h6 6. Bd2 Bxc3 7. bxc3 Ne4 8. Qg4 g6 9. Qf4 c5 10. Bd3 Nxd2 11. Qxd2 Nc6 12. Nf3 c4 13. Be2 Bd7 14. 0-0 f5 15. h4 Qe7 16. a4 0-0-0 17. g3 Na5 18. Kg2 Kb8 19. Qc1 Rdg8 20. Rh1 b6 21. Ra2 Rf8 22. Ra3 Ka8 23. Ra1 Bc6 24. Kg1 Qg7 25. Kg2 Rhg8 26. Qa3 g5 27. hxg5 hxg5 28. Rh5 g4 29. Ng5 Qg6 30. Rah1 f4 31. Bxg4 fxg3 32. f3 Qxc2+ 33. Kxg3 Qd2 34. Qc1 Qd3 35. Qa3 Bb7 36. Qxf8+ Rxf8 37. Rh8 Rc8 38. Bxe6 Qxc3 39. Bxc8 Bxc8 40. Ne6 1/2-1/2

[Event "SB-2017-0-00504"]
[Site "LSS email"]
[Date "2017.07.23"]
[Round "?"]
[White "Brotherton, Trevor S"]
[Black "Svrsek, Radomir Sr"]
[Result "1-0"]
[WhiteElo "2021"]
[BlackElo "1995"]
[PlyCount "123"]
[EventDate "2017.06.08"]
[EventType "tourn (corr)"]
[EventRounds "6"]
[EventCountry "GER"]
[SourceTitle "Corr 2022"]
[Source "ChessBase"]
[SourceDate "2021.10.24"]
[SourceVersion "1"]
[SourceVersionDate "2021.10.24"]
[SourceQuality "1"]

1. Nc3 e5 2. Nf3 Nc6 3. e4 Nf6 4. g3 Bc5 5. Bg2 d6 6. 0-0 0-0 7. d3 a6 8. Bg5 h6 9. Bxf6 Qxf6 10. Nd5 Qd8 11. c3 Ba7 12. a4 Be6 13. Nh4 Ne7 14. Nxe7+ Qxe7 15. Kh1 Rae8 16. f4 exf4 17. Rxf4 g6 18. Qd2 Qd8 19. Raf1 g5 20. Rf6 Kg7 21. d4 Bc4 22. R1f2 Re6 23. Nf5+ Kh7 24. Rxe6 fxe6 25. Ne3 Bb3 26. a5 Kg7 27. Rxf8 Qxf8 28. Qe2 c6 29. Bf3 Qd8 30. Qd3 Qxa5 31. Kg2 Qc7 32. Bh5 Kh8 33. c4 Ba2 34. b4 Qd7 35. Qf1 Qg7 36. c5 dxc5 37. dxc5 a5 38. Qd3 axb4 39. Qd8+ Qg8 40. Qa5 Bb1 41. Qa1+ Qg7 42. Qxb1 Bxc5 43. Ng4 Qd4 44. Kh3 Qg1 45. Qd3 Qd4 46. Qf1 Qg7 47. Qc4 Qa1 48. Nxh6 Be7 49. Be2 Qf6 50. Ng4 Qf7 51. Kg2 c5 52. e5 b6 53. Qb5 Kg7 54. Qxb6 Qg6 55. Qb7 Kf8 56. Nf2 Kf7 57. Bd3 Qg7 58. Ng4 Qf8 59. Qe4 Qg7 60. Qf3+ Kg8 61. Qc6 Kf8 62. Qxe6 1-0

[Event "SB-2017-0-00504"]
[Site "LSS email"]
[Date "2017.07.22"]
[Round "?"]
[White "Egorov, Vladimir Al"]
[Black "Svrsek, Radomir Sr"]
[Result "1-0"]
[WhiteElo "2045"]
[BlackElo "1995"]
[PlyCount "87"]
[EventDate "2017.06.08"]
[EventType "tourn (corr)"]
[EventRounds "6"]
[EventCountry "GER"]
[SourceTitle "Corr 2022"]
[Source "ChessBase"]
[SourceDate "2021.10.24"]
[SourceVersion "1"]
[SourceVersionDate "2021.10.24"]
[SourceQuality "1"]

1. Nf3 d5 2. d4 Nf6 3. c4 e6 4. Nc3 Be7 5. g3 0-0 6. Bg2 dxc4 7. Ne5 c5 8. dxc5 Qxd1+ 9. Nxd1 Bxc5 10. Ne3 Nbd7 11. N3xc4 Nxe5 12. Nxe5 Rd8 13. 0-0 Bd4 14. Nc4 Ng4 15. a4 Ne5 16. Nxe5 Bxe5 17. Be3 Bxb2 18. Rab1 Ba3 19. a5 a6 20. Rb3 Bf8 21. Rc1 Rd7 22. Bb6 Re7 23. Rbc3 Re8 24. Be4 g6 25. Kg2 Bg7 26. Rc7 Rb8 27. Bc2 Rf8 28. Ba4 Bb2 29. R1c2 Be5 30. R7c4 Kg7 31. e4 g5 32. Rc5 f6 33. Bc7 Bxc7 34. Rxc7+ Kh6 35. e5 fxe5 36. R2c5 b5 37. axb6 g4 38. h4 gxh3+ 39. Kxh3 e4 40. f4 Bb7 41. Rg5 Bd5 42. Rgg7 e5 43. Kh4 Rbc8 44. Rxh7+ 1-0

[Event "SB-2017-0-00504"]
[Site "LSS email"]
[Date "2017.07.22"]
[Round "?"]
[White "Mesquita, Fausto Monteiro Jr"]
[Black "Svrsek, Radomir Sr"]
[Result "1-0"]
[WhiteElo "1872"]
[BlackElo "1995"]
[PlyCount "55"]
[EventDate "2017.06.08"]
[EventType "tourn (corr)"]
[EventRounds "6"]
[EventCountry "GER"]
[SourceTitle "Corr 2022"]
[Source "ChessBase"]
[SourceDate "2021.10.24"]
[SourceVersion "1"]
[SourceVersionDate "2021.10.24"]
[SourceQuality "1"]

1. e4 e5 2. Nf3 Nc6 3. Bc4 Bc5 4. b4 Bxb4 5. c3 Ba5 6. d4 exd4 7. Qb3 Qe7 8. 0-0 Bb6 9. cxd4 Nxd4 10. Nxd4 Bxd4 11. Nc3 Nf6 12. Bg5 Qe5 13. Bxf6 Qxf6 14. Nd5 Qd8 15. Rad1 Be5 16. f4 Bd6 17. Qg3 0-0 18. e5 Bc5+ 19. Kh1 Kh8 20. Bd3 a5 21. Qh3 h6 22. Qf5 g6 23. Qh3 Kg7 24. f5 Qg5 25. fxg6 c6 26. gxf7 Rxf7 27. Nc7 Rb8 28. Ne8+ 1-0

[Event "SB-2017-0-00504"]
[Site "LSS email"]
[Date "2017.07.19"]
[Round "?"]
[White "Svrsek, Radomir Sr"]
[Black "Pilgram, Kurt"]
[Result "1/2-1/2"]
[WhiteElo "1995"]
[BlackElo "1970"]
[PlyCount "55"]
[EventDate "2017.06.08"]
[EventType "tourn (corr)"]
[EventRounds "6"]
[EventCountry "GER"]
[SourceTitle "Corr 2022"]
[Source "ChessBase"]
[SourceDate "2021.10.24"]
[SourceVersion "1"]
[SourceVersionDate "2021.10.24"]
[SourceQuality "1"]

1. e4 c5 2. Nf3 d6 3. Bb5+ Bd7 4. Bxd7+ Qxd7 5. 0-0 Nf6 6. e5 dxe5 7. Nxe5 Qc7 8. Re1 e6 9. Na3 Nc6 10. Nxc6 Qxc6 11. Nc4 Rd8 12. d3 Be7 13. b3 Nd5 14. Bb2 0-0 15. Qf3 Qc7 16. Be5 Qc8 17. a4 Bf6 18. Bxf6 Nxf6 19. Rac1 Nd5 20. Re4 b6 21. Rce1 Nb4 22. Qd1 Nc6 23. R1e3 Qc7 24. Rh3 Ne7 25. Qd2 h6 26. Rg4 Ng6 27. Qc3 Rfe8 28. Re3 1/2-1/2

[Event "SB-2017-0-00498"]
[Site "LSS email"]
[Date "2017.05.13"]
[Round "?"]
[White "Svrsek, Radomir Sr"]
[Black "Schubert, Steffen"]
[Result "1-0"]
[WhiteElo "2002"]
[BlackElo "1964"]
[PlyCount "73"]
[EventDate "2017.04.22"]
[EventType "tourn (corr)"]
[EventRounds "6"]
[EventCountry "GER"]
[SourceTitle "Corr 2022"]
[Source "ChessBase"]
[SourceDate "2021.10.24"]
[SourceVersion "1"]
[SourceVersionDate "2021.10.24"]
[SourceQuality "1"]

1. e4 e5 2. Nf3 Nf6 3. Nxe5 d6 4. Nf3 Nxe4 5. d4 d5 6. Bd3 Be7 7. 0-0 Nc6 8. Re1 0-0 9. c4 Nd6 10. cxd5 Nb4 11. Nc3 Nxd3 12. Qxd3 Bf5 13. Qd1 h6 14. Qb3 Re8 15. Bf4 Rb8 16. Re3 Bg6 17. Rae1 a6 18. Ne5 Bh7 19. Na4 Bf8 20. h3 Qc8 21. Nc5 Re7 22. g4 Nb5 23. Qc4 Nd6 24. Qe2 Ra8 25. f3 Qd8 26. Kg2 Nb5 27. Qc4 Nd6 28. Qb3 Nb5 29. Rd1 Nd6 30. a4 a5 31. Rde1 Qc8 32. Bg3 h5 33. R3e2 Qe8 34. Bh4 f6 35. Ne6 Ra6 36. Qc3 hxg4 37. hxg4 1-0

[Event "SB-2017-0-00498"]
[Site "LSS email"]
[Date "2017.05.12"]
[Round "?"]
[White "Pott, Brian"]
[Black "Svrsek, Radomir Sr"]
[Result "1/2-1/2"]
[WhiteElo "1859"]
[BlackElo "2002"]
[PlyCount "97"]
[EventDate "2017.04.22"]
[EventType "tourn (corr)"]
[EventRounds "6"]
[EventCountry "GER"]
[SourceTitle "Corr 2022"]
[Source "ChessBase"]
[SourceDate "2021.10.24"]
[SourceVersion "1"]
[SourceVersionDate "2021.10.24"]
[SourceQuality "1"]

1. e4 e5 2. Nf3 Nc6 3. Bb5 a6 4. Ba4 Nf6 5. 0-0 b5 6. Bb3 Bb7 7. d3 Bc5 8. c3 d6 9. Re1 0-0 10. h3 Ne7 11. Nbd2 Ng6 12. Nf1 h6 13. Ng3 Re8 14. Bc2 d5 15. d4 dxe4 16. Nxe5 Nxe5 17. dxc5 Bc6 18. Qxd8 Raxd8 19. Be3 Nc4 20. Bc1 e3 21. f3 Nd2 22. Re2 b4 23. Bxd2 Rxd2 24. cxb4 Nd5 25. Be4 Rxe2 26. Nxe2 Nxb4 27. Bxc6 Nxc6 28. Rd1 g5 29. Rd7 Rb8 30. b3 Rb5 31. Kf1 Rxc5 32. Rxc7 Rc2 33. g3 a5 34. f4 gxf4 35. Rc8+ Kg7 36. gxf4 Kg6 37. a4 Nd4 38. Rxc2 Nxc2 39. Kg2 Ne1+ 40. Kf1 Nf3 41. Kg2 Nd2 42. Nd4 Kf6 43. b4 axb4 44. a5 Ne4 45. a6 e2 46. Nxe2 b3 47. a7 b2 48. a8Q b1Q 49. Qf8 1/2-1/2

[Event "SB-2017-0-00485"]
[Site "LSS email"]
[Date "2017.02.02"]
[Round "?"]
[White "Stancl, Vladimir"]
[Black "Svrsek, Radomir Sr"]
[Result "1/2-1/2"]
[WhiteElo "1907"]
[BlackElo "2009"]
[PlyCount "49"]
[EventDate "2016.12.31"]
[EventType "tourn (corr)"]
[EventRounds "6"]
[EventCountry "GER"]
[SourceTitle "Corr 2022"]
[Source "ChessBase"]
[SourceDate "2021.10.24"]
[SourceVersion "1"]
[SourceVersionDate "2021.10.24"]
[SourceQuality "1"]

1. d4 Nf6 2. c4 e6 3. Nf3 d5 4. Nc3 Be7 5. Bf4 0-0 6. e3 Nbd7 7. Qc2 c5 8. cxd5 Nxd5 9. Nxd5 exd5 10. Bd3 g6 11. 0-0 c4 12. Be2 Nf6 13. Ne5 Bf5 14. Qd1 Re8 15. f3 Rc8 16. b3 c3 17. g4 Be6 18. Rc1 Ba3 19. Rc2 Nd7 20. Nd3 b5 21. Bg3 Qb6 22. Qe1 b4 23. h4 f6 24. Nf4 Nb8 25. Bd3 1/2-1/2

[Event "SB-2017-0-00485"]
[Site "LSS email"]
[Date "2017.02.01"]
[Round "?"]
[White "Egorov, Vladimir Al"]
[Black "Svrsek, Radomir Sr"]
[Result "1/2-1/2"]
[WhiteElo "2150"]
[BlackElo "2009"]
[PlyCount "36"]
[EventDate "2016.12.31"]
[EventType "tourn (corr)"]
[EventRounds "6"]
[EventCountry "GER"]
[SourceTitle "Corr 2022"]
[Source "ChessBase"]
[SourceDate "2021.10.24"]
[SourceVersion "1"]
[SourceVersionDate "2021.10.24"]
[SourceQuality "1"]

1. c4 e5 2. Nc3 Nf6 3. Nf3 Nc6 4. g3 Bb4 5. Bg2 0-0 6. 0-0 d6 7. d3 h6 8. Na4 a5 9. b3 Re8 10. Bb2 Rb8 11. e3 Bf5 12. a3 Bc5 13. Nc3 Qd7 14. Rc1 Bb6 15. Qc2 Bh3 16. Nd2 Bxg2 17. Kxg2 d5 18. Nb5 Rbd8 1/2-1/2

[Event "SB-2017-0-00485"]
[Site "LSS email"]
[Date "2017.02.01"]
[Round "?"]
[White "Svrsek, Radomir Sr"]
[Black "Degn, Bruci"]
[Result "1/2-1/2"]
[WhiteElo "2009"]
[BlackElo "1768"]
[PlyCount "78"]
[EventDate "2016.12.31"]
[EventType "tourn (corr)"]
[EventRounds "6"]
[EventCountry "GER"]
[SourceTitle "Corr 2022"]
[Source "ChessBase"]
[SourceDate "2021.10.24"]
[SourceVersion "1"]
[SourceVersionDate "2021.10.24"]
[SourceQuality "1"]

1. e4 g6 2. d4 Bg7 3. Nc3 d6 4. Nf3 a6 5. Be3 b5 6. Bd3 Nd7 7. a4 b4 8. Ne2 Bb7 9. c3 Ngf6 10. Ng3 bxc3 11. bxc3 c5 12. 0-0 0-0 13. a5 Qc7 14. Qe2 e6 15. Bf4 e5 16. dxe5 Nxe5 17. Nxe5 dxe5 18. Be3 h5 19. f3 h4 20. Nh1 Nh5 21. Bc4 Qe7 22. g3 Kh7 23. Rab1 f5 24. Qb2 f4 25. Qxb7 Qxb7 26. Rxb7 fxe3 27. gxh4 Rad8 28. Ng3 Nf4 29. Re1 Rd2 30. Rxe3 Rfd8 31. Bd5 Kh8 32. Re1 Nh3+ 33. Kh1 Bh6 34. Rb6 Nf2+ 35. Kg2 Nxe4+ 36. Ne2 Nxc3 37. Bc4 Rc2 38. Kh3 Bd2 39. Rg1 Nxe2 1/2-1/2

[Event "SB-2016-0-00471"]
[Site "LSS email"]
[Date "2016.10.29"]
[Round "?"]
[White "Brotherton, Trevor S"]
[Black "Svrsek, Radomir Sr"]
[Result "1/2-1/2"]
[WhiteElo "2043"]
[BlackElo "2031"]
[PlyCount "56"]
[EventDate "2016.09.28"]
[EventType "tourn (corr)"]
[EventRounds "6"]
[EventCountry "GER"]
[SourceTitle "Corr 2022"]
[Source "ChessBase"]
[SourceDate "2021.10.24"]
[SourceVersion "1"]
[SourceVersionDate "2021.10.24"]
[SourceQuality "1"]

1. g3 e5 2. Bg2 d5 3. d3 Nf6 4. Nf3 Nc6 5. 0-0 Bd6 6. c4 d4 7. Na3 0-0 8. Rb1 Re8 9. Nc2 a5 10. b3 h6 11. a3 Bg4 12. Re1 Qd7 13. b4 axb4 14. axb4 Bh3 15. b5 Ne7 16. e3 Bxg2 17. Kxg2 dxe3 18. Nxe3 c6 19. bxc6 Nxc6 20. Rb5 Na7 21. Rb1 Bc5 22. Qb3 b6 23. Bb2 Nc6 24. Nd5 Nxd5 25. cxd5 Nd4 26. Bxd4 exd4 27. Ne5 Qf5 28. Nc6 Rxe1 1/2-1/2

[Event "SB-2016-0-00471"]
[Site "LSS email"]
[Date "2016.10.28"]
[Round "?"]
[White "Herzog, Agnes"]
[Black "Svrsek, Radomir Sr"]
[Result "1/2-1/2"]
[WhiteElo "1800"]
[BlackElo "2031"]
[PlyCount "49"]
[EventDate "2016.09.28"]
[EventType "tourn (corr)"]
[EventRounds "6"]
[EventCountry "GER"]
[SourceTitle "Corr 2022"]
[Source "ChessBase"]
[SourceDate "2021.10.24"]
[SourceVersion "1"]
[SourceVersionDate "2021.10.24"]
[SourceQuality "1"]

1. e4 e5 2. Nf3 Nc6 3. Nc3 Nf6 4. Bb5 Bc5 5. d3 0-0 6. 0-0 d6 7. Na4 Bb6 8. Nxb6 axb6 9. c3 h6 10. h3 Be6 11. a3 Ne7 12. Re1 Bd7 13. Bxd7 Qxd7 14. c4 b5 15. cxb5 Qxb5 16. a4 Qb6 17. b3 c5 18. Bb2 Rfb8 19. Nd2 Qc7 20. Nc4 b5 21. axb5 Rxa1 22. Qxa1 Rxb5 23. f4 Nd7 24. fxe5 dxe5 25. Bxe5 1/2-1/2

[Event "RB-2016-0-00309"]
[Site "LSS email"]
[Date "2016.01.29"]
[Round "?"]
[White "Svrsek, Radomir Sr"]
[Black "Buczinski, Henryk"]
[Result "1-0"]
[WhiteElo "2054"]
[BlackElo "2122"]
[PlyCount "89"]
[EventDate "2015.12.29"]
[EventType "tourn (corr)"]
[EventRounds "6"]
[EventCountry "GER"]
[SourceTitle "Corr 2022"]
[Source "ChessBase"]
[SourceDate "2021.10.24"]
[SourceVersion "1"]
[SourceVersionDate "2021.10.24"]
[SourceQuality "1"]

1. e4 c6 2. d4 d5 3. e5 Bf5 4. Nf3 e6 5. Be2 Nd7 6. 0-0 h6 7. Nbd2 Qc7 8. Nb3 0-0-0 9. Bd2 Kb8 10. Ba5 b6 11. Bc3 g5 12. a4 a5 13. Qd2 f6 14. Nxa5 bxa5 15. Bxa5 Nb6 16. Ra3 Bxa3 17. bxa3 Ka8 18. Rb1 Rb8 19. Bxb6 Rxb6 20. Qa5+ Qa7 21. Qxb6 Qxb6 22. Rxb6 Rh7 23. a5 g4 24. Nh4 Rc7 25. Nxf5 exf5 26. c4 fxe5 27. cxd5 cxd5 28. dxe5 Rc1+ 29. Bf1 Ne7 30. Rxh6 Nc6 31. e6 Kb8 32. a6 Re1 33. f4 gxf3 34. Kf2 fxg2 35. Bxg2 Re5 36. h4 Ka7 37. h5 f4 38. Bf1 Kb6 39. Be2 d4 40. Rf6 d3 41. Bf3 Nd4 42. e7+ Ka7 43. Rf7 Kxa6 44. h6 Nxf3 45. h7 1-0

[Event "SB-2015-0-00430"]
[Site "LSS email"]
[Date "2015.11.12"]
[Round "?"]
[White "Svrsek, Radomir Sr"]
[Black "Hosak, Wilfried"]
[Result "1/2-1/2"]
[WhiteElo "2049"]
[BlackElo "1998"]
[PlyCount "45"]
[EventDate "2015.10.14"]
[EventType "tourn (corr)"]
[EventRounds "6"]
[EventCountry "GER"]
[SourceTitle "Corr 2022"]
[Source "ChessBase"]
[SourceDate "2021.10.24"]
[SourceVersion "1"]
[SourceVersionDate "2021.10.24"]
[SourceQuality "1"]

1. e4 c5 2. Nf3 d6 3. d4 cxd4 4. Nxd4 Nf6 5. Nc3 a6 6. Be3 e5 7. Nf3 Be7 8. Bc4 0-0 9. 0-0 Qc7 10. Nd5 Nxd5 11. Bxd5 Nd7 12. Rc1 Nf6 13. c4 Bd7 14. Qb3 Rac8 15. Bg5 h6 16. Bxf6 Bxf6 17. Qxb7 Qxb7 18. Bxb7 Rb8 19. Bxa6 Rxb2 20. Rfd1 Bc6 21. Rxd6 Bxe4 22. a4 Be7 23. Rd7 1/2-1/2

[Event "SB-2015-0-00430"]
[Site "LSS email"]
[Date "2015.11.12"]
[Round "?"]
[White "Svrsek, Radomir Sr"]
[Black "Van Bommel, Ton"]
[Result "1/2-1/2"]
[WhiteElo "2049"]
[BlackElo "1971"]
[PlyCount "77"]
[EventDate "2015.10.14"]
[EventType "tourn (corr)"]
[EventRounds "6"]
[EventCountry "GER"]
[SourceTitle "Corr 2022"]
[Source "ChessBase"]
[SourceDate "2021.10.24"]
[SourceVersion "1"]
[SourceVersionDate "2021.10.24"]
[SourceQuality "1"]

1. e4 c5 2. Nf3 Nc6 3. d4 cxd4 4. Nxd4 Nf6 5. Nc3 d6 6. Bb5 Bd7 7. 0-0 g6 8. h3 Bg7 9. Be3 0-0 10. Be2 Rc8 11. Re1 a6 12. Qd2 b5 13. a3 Qc7 14. Rad1 Qb7 15. f4 e5 16. Nf3 Be6 17. Bd3 exf4 18. Bxf4 Rfd8 19. Bh6 Ne5 20. Nd4 Bh8 21. Nxe6 fxe6 22. Be2 Bg7 23. Bg5 Rd7 24. Qe3 Rdc7 25. Qf2 Rf7 26. Qg3 Qc7 27. Be3 Rcf8 28. Kh1 Nh5 29. Bxh5 gxh5 30. Bc1 Kh8 31. Ne2 Qxc2 32. Nd4 Qc8 33. b3 h4 34. Qe3 Ng6 35. Qd3 Rf2 36. Be3 Ne5 37. Qb1 R2f7 38. Qa2 Rf6 39. Qd2 1/2-1/2

[Event "CP-2015-P-00024"]
[Site "LSS email"]
[Date "2015.09.28"]
[Round "?"]
[White "Martindale, Roger"]
[Black "Svrsek, Radomir Sr"]
[Result "0-1"]
[WhiteElo "751"]
[BlackElo "2049"]
[PlyCount "58"]
[EventDate "2015.10.01"]
[EventType "tourn (corr)"]
[EventRounds "6"]
[EventCountry "GER"]
[SourceTitle "Corr 2022"]
[Source "ChessBase"]
[SourceDate "2021.10.24"]
[SourceVersion "1"]
[SourceVersionDate "2021.10.24"]
[SourceQuality "1"]

1. e4 c6 2. c4 d5 3. cxd5 cxd5 4. Bb5+ Bd7 5. Qe2 dxe4 6. Bxd7+ Nxd7 7. Qxe4 Nc5 8. Qf3 Nd3+ 9. Kd1 Qd7 10. Ne2 0-0-0 11. Nbc3 e5 12. h3 e4 13. Nxe4 Qa4+ 14. b3 Qxe4 15. Qxe4 Nxf2+ 16. Ke1 Nxe4 17. d4 Bb4+ 18. Kf1 Ngf6 19. g4 Kd7 20. a3 Bd6 21. Bf4 Bxf4 22. Nxf4 Ng3+ 23. Kg2 Nxh1 24. Rxh1 Rc8 25. Rd1 Rc2+ 26. Kg1 Rhc8 27. d5 R8c3 28. Nd3 Rxb3 29. Nc5+ Rxc5 0-1